|
|
|
|
| LEADER |
00872nam a2200229 a 4500 |
| 001 |
1007107 |
| 008 |
090916s1998 nyuaf b 001 0 eng d |
| 010 |
|
|
|a 87040025
|
| 020 |
|
|
|a 9780749386061
|
| 020 |
|
|
|a 0670811785
|
| 040 |
|
|
|a DLC
|c DLC
|d DLC
|
| 082 |
0 |
0 |
|a 003
|2 21
|
| 100 |
1 |
|
|a Gleick, James.
|
| 245 |
1 |
0 |
|a Chaos :
|b making a new science /
|c James Gleick.
|
| 260 |
|
|
|a New York, N.Y., U.S.A. :
|b Viking, ;
|a London :
|b Vintage,
|c 1998.
|
| 300 |
|
|
|a xi, 352 p., [10] p. of plates :
|b ill. (some col.) ;
|c 24 cm.
|
| 504 |
|
|
|a Includes Bibliography (p. 318-340.) and index.
|
| 541 |
1 |
|
|e 00019276
|
| 650 |
|
0 |
|a Chaotic behavior in systems.
|
| 852 |
4 |
|
|a Ayesha Abed Library
|j General shelf
|
| 999 |
|
|
|c 7767
|d 7767
|
| 952 |
|
|
|0 0
|1 0
|2 ddc
|4 1
|6 003_000000000000000_GLE
|7 0
|9 8593
|a BRACUL
|b BRACUL
|c GEN
|d 2010-03-15
|l 16
|m 105
|o 003 GLE
|p 3010019276
|r 2022-06-23
|s 2022-05-30
|t 1
|w 2010-03-15
|y BK
|